Establishment of Pit Shop gasoline station and services in Upper Batinguel, Dumaguete City. / (Record no. 5758)
[ view plain ]
| 000 -LEADER | |
|---|---|
| fixed length control field | 02796naa a2200337Ia 4500 |
| 003 - CONTROL NUMBER IDENTIFIER | |
| control field | OSt |
| 005 - DATE AND TIME OF LATEST TRANSACTION | |
| control field | 20260417164019.0 |
| 008 - FIXED-LENGTH DATA ELEMENTS--GENERAL INFORMATION | |
| fixed length control field | 260417s2017 xx 000 0 und d |
| 040 ## - CATALOGING SOURCE | |
| Original cataloging agency | Foundation University |
| Language of cataloging | Eng |
| Transcribing agency | Foundation University |
| Description conventions | rda |
| 050 ## - LIBRARY OF CONGRESS CALL NUMBER | |
| Classification number | CBA (FinMgt-FS) LG 221 D35 B87 |
| Item number | A5 B87 F56 2018 B35 |
| 099 ## - LOCAL FREE-TEXT CALL NUMBER (OCLC) | |
| Classification number | 799 |
| 100 ## - MAIN ENTRY--PERSONAL NAME | |
| Personal name | Balolong, Rosa Mae |
| 9 (RLIN) | 1517 |
| Relator term | author. |
| 245 10 - TITLE STATEMENT | |
| Title | Establishment of Pit Shop gasoline station and services in Upper Batinguel, Dumaguete City. / |
| Statement of responsibility, etc. | by Rosa Mae Balolong, Rhenwil Jack Nesmith, Jennifer Sotto and Liezl Velasco |
| 264 ## - PRODUCTION, PUBLICATION, DISTRIBUTION, MANUFACTURE, AND COPYRIGHT NOTICE | |
| Place of production, publication, distribution, manufacture | Dumaguete City |
| Name of producer, publisher, distributor, manufacturer | Foundation Uiniversity, |
| Date of production, publication, distribution, manufacture, copy right date | 2018. |
| Copyright Date | 2018. |
| 300 ## - PHYSICAL DESCRIPTION | |
| Extent | x, 154 leaves : |
| Other physical details | ill. (chiefly color) ; |
| Dimensions | 28 cm. |
| Materials specified | volume |
| Type of unit | resource |
| 336 ## - CONTENT TYPE | |
| Source | rdacontent |
| Content type term | text |
| Content type code | txt |
| 337 ## - MEDIA TYPE | |
| Source | rdamedia |
| Media type term | unmediated |
| Media type code | n |
| 338 ## - CARRIER TYPE | |
| Materials specified | rdacarrier |
| Carrier type term | volume |
| Carrier type code | nc |
| 502 ## - DISSERTATION, THESIS NOTE | |
| Master's Degree Note | Undergraduate feasibility (BS in Administration Major in Financial management ) - - Foundation University, 2015. |
| 504 ## - BIBLIOGRAPHY, ETC. NOTE | |
| Bibliography, etc. note | Includes bibliographical references and appendices. |
| 520 ## - ABSTRACT, SUMMARY, ETC. | |
| Abstract, Summary, etc. | ABSTRACT<br/>The growing population of vehicles in the city aim to provide a quality of services<br/>and products of a gasoline to the community. The main purpose for conducting<br/>this feasibility study is to determine the effectiveness of Pit Stop Gasoline station<br/>in Batinguel, Dumaguete City. The researchers provide a survey questionnaires<br/>and some interview with the respondents in gathering information conducted in<br/>data was analysed,<br/>Candau-ay, Batinguel, Motong and Palinpincn. The data<br/>interpreted and presented by tables. The result shows that the highest possible<br/>location of the gasoline station was near Batinguel Elementary School. The<br/>conclusion and recommendation was drawn based on the findings of the survey.<br/>Based on the findings, conducting Pit Stop Gasoline Station is effective. There are<br/>86.2% of respondents considered in patronizing the gasoline station once<br/>estabiished. The study made a number of conclusions, most important of which is:<br/>there is statistically significant relationship between the location, demand, price,<br/>and the competitors. |
| 650 ## - SUBJECT ADDED ENTRY--TOPICAL TERM | |
| Topical term or geographic name entry element | Feasibility studies |
| Geographic subdivision | Philippines. |
| -- | Dumaguete City. |
| 9 (RLIN) | 15516 |
| 650 ## - SUBJECT ADDED ENTRY--TOPICAL TERM | |
| Topical term or geographic name entry element | Gasoline stations |
| Geographic subdivision | Philippines. |
| -- | Dumaguete City. |
| 9 (RLIN) | 15517 |
| 650 ## - SUBJECT ADDED ENTRY--TOPICAL TERM | |
| Topical term or geographic name entry element | Service stations |
| Geographic subdivision | Philippines. |
| -- | Dumaguete City. |
| 9 (RLIN) | 14619 |
| 650 ## - SUBJECT ADDED ENTRY--TOPICAL TERM | |
| Topical term or geographic name entry element | Small business |
| Geographic subdivision | Philippines |
| -- | Dumaguete City. |
| 9 (RLIN) | 13723 |
| 658 ## - INDEX TERM--CURRICULUM OBJECTIVE | |
| Main curriculum objective | Project Feasibility Study : |
| Subordinate curriculum objective | Administration Major in Financial Management Bachelor of Science in ; |
| Curriculum code | FSB301 |
| 700 ## - ADDED ENTRY--PERSONAL NAME | |
| Personal name | Nesmith, Rhenwil Jack |
| Fuller form of name | co-author |
| 9 (RLIN) | 15518 |
| 700 ## - ADDED ENTRY--PERSONAL NAME | |
| Personal name | Sitto, Jennifer |
| Fuller form of name | co-author |
| 9 (RLIN) | 15519 |
| 700 ## - ADDED ENTRY--PERSONAL NAME | |
| Personal name | Velasco, Liezl |
| Relator term | co-author |
| 9 (RLIN) | 15520 |
| 942 ## - ADDED ENTRY ELEMENTS (KOHA) | |
| Source of classification or shelving scheme | Library of Congress Classification |
| Koha item type | Feasibility Study |
| Classification part | LG 221 D35 B87 |
| Item part | A5 B87 F56 2018 B35 |
| Call number prefix | CBA (FinMgt-FS) |
| Withdrawn status | Lost status | Source of classification or shelving scheme | Damaged status | Not for loan | Home library | Current library | Shelving location | Date acquired | Source of acquisition | Total Checkouts | Full call number | Barcode | Date last seen | Price effective from | Koha item type | Accession Number |
|---|---|---|---|---|---|---|---|---|---|---|---|---|---|---|---|---|
| Library of Congress Classification | Foundation University Library | Foundation University Library | Undergraduate Thesis | 04/17/2026 | Donated | CBA (FinMgt-FS) LG 221 D35 B87 A5 B87 F56 2018 B35 c.1 | 61569 | 04/17/2026 | 04/17/2026 | Feasibility Study | FinMgt-FS-2026037 | |||||
| Library of Congress Classification | Foundation University Library | Foundation University Library | Undergraduate Thesis | 04/17/2026 | Donated | CBA (FinMgt-FS) LG 221 D35 B87 A5 B87 F56 2018 B35 c.2 | 61570 | 04/17/2026 | 04/17/2026 | Feasibility Study | FinMgt-FS-2026038 |
